| 000 | 00000nam##2200000za#4500 |
| 001 | 9.588198 |
| 003 | CaOODSP |
| 005 | 20210624195014 |
| 007 | cr ||||||||||| |
| 008 | 150406|2008||||xxc|||||o f|0| 0 fre|d |
| 040 | |aCaOODSP|bfre |
| 041 | |aeng |
| 041 | |afre |
| 043 | |an-cn--- |
| 086 | 1 |aFo123-3/4-2008-PDF |
| 110 | 1 |aCanada.|bRessources naturelles Canada. |bService canadien des forêts. |
| 245 | 13|aLa gestion forestière durable s'inspire des études sur les oiseaux chanteurs forestiers|h[ressource électronique]|c[publié par le] Centre de foresterie des Grands Lacs. |
| 260 | |aSault Ste. Marie - Ontario : |bRessources naturelles Canada. |cc2008. |
| 300 | |a8p.|bréférences, photographies |
| 490 | 1 |aPremière ligne, points de vue sur les politiques|vNote 4 |
| 590 | |a12-39-Supp|b2012-10-11 |
| 691 | 07|aGestion forestière|2gcpds |
| 791 | |tForest songbird research guiding sustainable forest management|eeng|w(CaOODSP)9.588197 |
| 830 | #0|aPremière ligne, points de vue sur les politiques ;|vNote 4|w(CaOODSP)9.500668 |
| 856 | 40|ahttp://publications.gc.ca|qPDF|s2.46 Mo|uhttps://publications.gc.ca/collections/collection_2012/rncan-nrcan/Fo123-3-4-2008.pdf|yNote 4 |